Największe miasta nad Europejskimi rzekami - Statystyki

Ogólne statystyki
  • Ten quiz został rozwiązany 34 razy
  • Średni wynik to 8 z 14
Statystyki odpowiedzi
Rzeka Największe miasto % Poprawnych
Sekwana Paryż
97%
Wisła Warszawa
97%
Dniepr Kijów
91%
Tamiza Londyn
91%
Odra Wrocław
91%
Dunaj Wiedeń
88%
Rodan Lyon
50%
Ren Kolonia
47%
Tag Lizbona
47%
Łaba Hamburg
44%
Pad Turyn
34%
Wołga Kazań
25%
Loara Nantes
22%
Ebro Saragossa
19%
Nie znaleziono quizów pasujących do podanych kryteriów
Rozkład punktacji
Procent ludzi z każdym wynikiem
Percentyl według liczby udzielonych odpowiedzi
Twoja historia wyników
Nie rozwiązałeś tego quizu